[Event "Sparkassen-Open A"]
[Site "Heusenstamm, Martinsee"]
[Date "2019.11.23"]
[Round "4.43"]
[White "Reitz, Philipp"]
[Black "Vlassis, Georgios"]
[Result "1-0"]
[WhiteElo "2088"]
[BlackElo "2017"]
[PlyCount "145"]
[EventDate "2019.??.??"]
[WhiteTeam "VfR-SC Koblenz"]
[BlackTeam "SACH Thessaloniki"]

1. e4 c6 2. Nc3 d5 3. d4 dxe4 4. Nxe4 Nf6 5. Nxf6+ gxf6 6. Nf3 h5 7. h3 Bf5 8.
Bd3 e6 9. Bxf5 Qa5+ 10. c3 Qxf5 11. Qe2 Bd6 12. Be3 Rg8 13. O-O-O Qa5 14. Kb1
Rxg2 15. Nh4 Rg8 16. d5 cxd5 17. Qxh5 Nd7 18. Qh7 O-O-O 19. Qxf7 Rge8 20. Ng6
Kb8 21. h4 Qa4 22. Rd4 Qb5 23. c4 Qa6 24. cxd5 Ne5 25. Nxe5 fxe5 26. Rd2 Bb4
27. Rc2 Re7 28. Qg6 Rc8 29. Rxc8+ Kxc8 30. Rc1+ Kd7 31. dxe6+ Qxe6 32. Rd1+ Kc7
33. Qxe6 Rxe6 34. h5 Bf8 35. Rh1 Bh6 36. Bxh6 Rxh6 37. Kc2 Kd6 38. Kd3 Ke6 39.
Ke4 Kf6 40. Rh3 Ke6 41. b4 a6 42. a3 b5 43. Rh1 Kf6 44. Rh2 Kf7 45. Kxe5 Re6+
46. Kd5 Re2 47. Rg2 Ra2 48. Rg3 Rxf2 49. h6 Rf5+ 50. Kd4 Rf6 51. Rh3 Kg8 52.
Kc5 Kh7 53. Rd3 Rf5+ 54. Kc6 Kxh6 55. Rd6+ Kg7 56. Kb6 Rf3 57. Kxa6 Rxa3+ 58.
Kxb5 Kf7 59. Kb6 Ke7 60. Rd1 Rb3 61. b5 Rb2 62. Kc6 Rc2+ 63. Kb7 Rb2 64. b6 Rb3
65. Kc7 Rc3+ 66. Kb8 Rb3 67. b7 Ra3 68. Rd4 Ra2 69. Kc7 Rc2+ 70. Kb6 Rb2+ 71.
Kc6 Ke6 72. Re4+ Kf5 73. Rc4 1-0

[Event "Sparkassen-Open A"]
[Site "Heusenstamm, Martinsee"]
[Date "2019.11.23"]
[Round "4.44"]
[White "Köllner, Aaron Noah"]
[Black "Woestmann, Ulrich"]
[Result "1/2-1/2"]
[WhiteElo "2094"]
[BlackElo "2014"]
[PlyCount "85"]
[EventDate "2019.??.??"]
[WhiteTeam "SV Bergneustadt/Derschlag"]
[BlackTeam "SV Ahlen"]

1. d4 Nf6 2. Nf3 g6 3. Nbd2 d5 4. e3 Bg7 5. b4 O-O 6. Bb2 b6 7. c4 c5 8. bxc5
bxc5 9. Be2 Nc6 10. O-O Rb8 11. Bc3 Ne4 12. Nxe4 dxe4 13. Nd2 cxd4 14. exd4
Nxd4 15. Nxe4 Nxe2+ 16. Qxe2 Bxc3 17. Nxc3 e6 18. Rfd1 Qa5 19. Rac1 Ba6 20. h3
Rb4 21. Rd4 Qc5 22. Qd2 Rxc4 23. Rxc4 Qxc4 24. Re1 Qd3 25. Qb2 Qd4 26. Re4 Qd3
27. Re1 Qd4 28. Rd1 Qe5 29. Qa3 Bc4 30. Qb4 Bd5 31. Nxd5 exd5 32. Qb7 d4 33.
Qxa7 Rd8 34. Qb6 Rd6 35. Qb3 Qe2 36. Qb8+ Kg7 37. Rc1 Rf6 38. Rc8 Qxf2+ 39. Kh1
d3 40. Rh8 Qf1+ 41. Kh2 Qf4+ 42. Qxf4 Rxf4 43. Rd8 1/2-1/2

[Event "Sparkassen-Open A"]
[Site "Heusenstamm, Martinsee"]
[Date "2019.11.23"]
[Round "4.45"]
[White "Scheitz, Michael"]
[Black "Schellenberger, Dirk"]
[Result "1-0"]
[WhiteElo "2082"]
[BlackElo "1659"]
[PlyCount "67"]
[EventDate "2019.??.??"]
[WhiteTeam "Wiesbadener SV"]
[BlackTeam "Aschaffenburg-Schweinheim"]

1. c4 Nf6 2. Nc3 c5 3. Nf3 Nc6 4. e3 g6 5. d4 cxd4 6. exd4 d5 7. cxd5 Nxd5 8.
Qb3 Nxc3 9. Bc4 e6 10. bxc3 Bg7 11. Ba3 Qa5 12. O-O Bf8 13. Bxf8 Kxf8 14. d5
Nd8 15. Rad1 Kg7 16. Rfe1 exd5 17. Bxd5 Be6 18. Bxe6 Nxe6 19. Rd7 Nd8 20. Ree7
Qf5 21. Nd4 Qf6 22. h3 Kh6 23. Qd5 Qg5 24. Qe4 Rf8 25. Rd6 Kg7 26. f4 Qc5 27.
Rdd7 Nc6 28. Rc7 Rad8 29. Kh2 Qd6 30. Ne6+ Kg8 31. Nxd8 Nxe7 32. Rxe7 Rxd8 33.
Rxb7 Rd7 34. Qe8+ 1-0

[Event "Sparkassen-Open A"]
[Site "Heusenstamm, Martinsee"]
[Date "2019.11.23"]
[Round "4.46"]
[White "Kleibel, Uwe"]
[Black "Ohler, Julius"]
[Result "0-1"]
[WhiteElo "2193"]
[BlackElo "1884"]
[PlyCount "74"]
[EventDate "2019.??.??"]
[WhiteTeam "SF Sailauf"]
[BlackTeam "SG Trier"]

1. e4 d5 2. exd5 Qxd5 3. Nc3 Qd8 4. d4 g6 5. Bf4 Bg7 6. Qd2 Nf6 7. O-O-O O-O 8.
Bh6 Nc6 9. Nge2 e5 10. d5 Ne7 11. Bxg7 Kxg7 12. h4 h5 13. f3 Nf5 14. Ne4 Nd6
15. Ng5 b5 16. Nc3 b4 17. Nb1 a5 18. Be2 Rh8 19. c4 Nf5 20. Bd3 Nd4 21. f4 Re8
22. Rde1 Nxd5 23. fxe5 Nb6 24. Qf4 Nf5 25. Rd1 Qd4 26. Qxd4 Nxd4 27. c5 Na4 28.
Be4 Ne2+ 29. Kd2 Rb8 30. Bc6 Rxe5 31. Bxa4 Bg4 32. b3 Bf5 33. Nf3 Rd8+ 34. Ke1
Nc3+ 35. Nxe5 Rxd1+ 36. Kf2 Rxh1 37. Nd2 Nxa4 0-1

[Event "Sparkassen-Open A"]
[Site "Heusenstamm, Martinsee"]
[Date "2019.11.23"]
[Round "4.47"]
[White "Haack, Kevin"]
[Black "Jansen, Dirk Norbert"]
[Result "1/2-1/2"]
[WhiteElo "1978"]
[BlackElo "2150"]
[PlyCount "88"]
[EventDate "2019.??.??"]
[WhiteTeam "SC Bad Soden"]
[BlackTeam "SVG Plettenberg"]

1. c4 f5 2. g3 Nf6 3. Bg2 g6 4. Nc3 Bg7 5. d3 d6 6. e3 O-O 7. Nge2 a5 8. O-O c6
9. Rb1 Na6 10. a3 e5 11. b4 axb4 12. axb4 Nc7 13. b5 d5 14. b6 Nce8 15. cxd5
Nxd5 16. Nxd5 cxd5 17. Qb3 Be6 18. Nc3 Nf6 19. e4 Bf7 20. exd5 Qd6 21. Bg5 Nd7
22. Be3 Qf6 23. Qb5 Rfd8 24. Bd2 Ra6 25. Na4 f4 26. Be4 Be8 27. Qb3 Rda8 28.
d6+ Bf7 29. Qb5 Qxd6 30. Bb4 Qe6 31. Nc5 Nxc5 32. Bxc5 Ra5 33. Qb4 Qd7 34. Rfc1
fxg3 35. hxg3 Bh6 36. Rc2 Ra1 37. Kg2 Rxb1 38. Qxb1 Bd5 39. Qb4 Ra4 40. Qxa4
Qxa4 41. Bxd5+ Kg7 42. Rc4 Qd7 43. Be4 Bg5 44. Bd4 Qxd4 1/2-1/2

[Event "Sparkassen-Open A"]
[Site "Heusenstamm, Martinsee"]
[Date "2019.11.23"]
[Round "4.48"]
[White "Zhou, David"]
[Black "Foerster-Yialamas, Lucas"]
[Result "0-1"]
[WhiteElo "2141"]
[BlackElo "1953"]
[PlyCount "84"]
[EventDate "2019.??.??"]
[WhiteTeam "Quebec"]
[BlackTeam "Frankfurter TV"]

1. c4 c5 2. g3 g6 3. Bg2 Bg7 4. Nc3 Nc6 5. Nf3 d6 6. O-O e5 7. d3 Nge7 8. Ne1
O-O 9. Nc2 Be6 10. Ne3 Rb8 11. Bd2 a6 12. a4 Nb4 13. Ne4 Nec6 14. Bxb4 Nxb4 15.
Nc3 b6 16. a5 bxa5 17. Qa4 Kh8 18. Qxa5 h6 19. Rfb1 f5 20. Ned5 Bxd5 21. Qxd8
Rfxd8 22. Bxd5 e4 23. dxe4 Nc2 24. exf5 Nxa1 25. Rxa1 Rxb2 26. f6 Bxf6 27. Ne4
Be5 28. Rxa6 Rxe2 29. Kf1 Rc2 30. f4 Rb8 31. Ra8 Rxa8 32. Bxa8 Bd4 33. Nxd6
Rf2+ 34. Ke1 Rxh2 35. Bf3 Bf2+ 36. Ke2 Bxg3+ 37. Ke3 g5 38. Ne4 Bxf4+ 39. Kd3
Ra2 40. Nxc5 Ra3+ 41. Ke2 Re3+ 42. Kf2 Rc3 0-1

[Event "Sparkassen-Open A"]
[Site "Heusenstamm, Martinsee"]
[Date "2019.11.23"]
[Round "4.49"]
[White "Schmidt, Max"]
[Black "Kather, Yannick"]
[Result "0-1"]
[WhiteElo "1976"]
[BlackElo "2137"]
[PlyCount "84"]
[EventDate "2019.??.??"]
[WhiteTeam "Frankfurter TV"]
[BlackTeam "SW Lichtenrade"]

1. e4 c5 2. Nf3 Nc6 3. Bb5 g6 4. Bxc6 dxc6 5. d3 Bg7 6. h3 Nf6 7. Nc3 Nd7 8.
Be3 e5 9. Qd2 Qe7 10. O-O Nf8 11. a3 Ne6 12. b4 Nd4 13. Nh2 cxb4 14. axb4 Qxb4
15. Kh1 O-O 16. Rfb1 Qe7 17. Na4 Be6 18. Qc3 b6 19. Nb2 Rfc8 20. Ra6 b5 21. Nf1
Qd7 22. Kh2 c5 23. Nd1 Bf8 24. Qb2 Qb7 25. Rba1 Rc6 26. R6a5 a6 27. Nd2 Rcc8
28. Nb3 Bxb3 29. cxb3 Nc6 30. R5a2 Nb4 31. Ra5 Nxd3 32. Qe2 Nb4 33. Nc3 Nc6 34.
R5a2 Nd4 35. Bxd4 exd4 36. Nd5 Bg7 37. Qg4 Re8 38. Rc1 f5 39. Qg5 Rxe4 40. Rxc5
Re5 41. Rac2 Rxd5 42. Rc7 Be5+ 0-1

[Event "Sparkassen-Open A"]
[Site "Heusenstamm, Martinsee"]
[Date "2019.11.23"]
[Round "4.50"]
[White "Steinle, Carsten"]
[Black "Kuhn, Gerhard"]
[Result "1/2-1/2"]
[WhiteElo "2137"]
[BlackElo "1963"]
[PlyCount "130"]
[EventDate "2019.??.??"]
[WhiteTeam "SV Ahlen"]
[BlackTeam "SK Marburg"]

1. d4 Nf6 2. g3 g6 3. Bg2 d5 4. Nf3 Bg7 5. O-O O-O 6. c4 Nc6 7. cxd5 Nxd5 8.
Na3 Nb6 9. Bf4 Nxd4 10. Nxd4 e5 11. Bxe5 Bxe5 12. Nac2 c5 13. Nb3 Qe7 14. Qc1
Na4 15. Rb1 Be6 16. f4 Bg7 17. e4 c4 18. Nbd4 Qc5 19. Qe3 Bd7 20. e5 Rab8 21.
b3 cxb3 22. Rxb3 Nb6 23. Nb4 Rfc8 24. Nd3 Qe7 25. Qf2 Ba4 26. Rb2 Rc3 27. Qd2
Rbc8 28. Nf2 R8c7 29. Qe2 Nc4 30. Rbb1 Na3 31. Nb5 Bxb5 32. Rxb5 Rc2 33. Qe4
Rxa2 34. Rxb7 Rxb7 35. Qxb7 Qxb7 36. Bxb7 Rb2 37. Ba6 Rb1 38. Rxb1 Nxb1 39. Kf1
Nc3 40. Ke1 Bf8 41. Kd2 Nd5 42. Bc4 Bb4+ 43. Kd3 Nc7 44. Ne4 Kf8 45. Ng5 Bc5
46. Ke4 a5 47. Nxf7 a4 48. Ng5 h6 49. Nf7 Kg7 50. Nd6 a3 51. g4 Na8 52. Nb5 Nb6
53. Bb3 Bb4 54. Kd3 Nd7 55. Nd4 g5 56. e6 Nc5+ 57. Kc4 Nxb3 58. Nxb3 Bd6 59.
fxg5 hxg5 60. Nc1 Kf6 61. Kd5 Ke7 62. h3 Bf4 63. Na2 Bg3 64. Nb4 Bf4 65. Na2
Bg3 1/2-1/2

[Event "Sparkassen-Open A"]
[Site "Heusenstamm, Martinsee"]
[Date "2019.11.23"]
[Round "4.51"]
[White "Schultze, Jörg-Martin"]
[Black "Weise, Martin"]
[Result "1-0"]
[WhiteElo "1950"]
[BlackElo "2118"]
[PlyCount "41"]
[EventDate "2019.??.??"]
[WhiteTeam "SF Anderssen Wetzlar"]
[BlackTeam "SC Fulda"]

1. d4 e6 2. e4 d5 3. exd5 exd5 4. Nf3 Nf6 5. c4 Be7 6. Nc3 O-O 7. Bd3 Nc6 8. h3
Nb4 9. Be2 dxc4 10. Bxc4 Nbd5 11. O-O Bf5 12. Re1 Nxc3 13. bxc3 Ne4 14. Ne5 Nd6
15. Bb3 Bf6 16. Ba3 g6 17. Qf3 Bg7 18. Bxd6 cxd6 19. Nxf7 Rxf7 20. g4 Qg5 21.
Bxf7+ 1-0

[Event "Sparkassen-Open A"]
[Site "Heusenstamm, Martinsee"]
[Date "2019.11.23"]
[Round "4.52"]
[White "Voss, Georg"]
[Black "Neurohr, Jürgen"]
[Result "1-0"]
[WhiteElo "1950"]
[BlackElo "2111"]
[PlyCount "145"]
[EventDate "2019.??.??"]
[WhiteTeam "SV Schmallenberg"]
[BlackTeam "SF Mainz"]

1. c4 g6 2. g3 Bg7 3. Bg2 d6 4. Nc3 e5 5. e3 Nc6 6. a3 a5 7. Nge2 Nf6 8. Rb1
O-O 9. O-O Be6 10. Nd5 Rb8 11. Qc2 Ne7 12. Nec3 c6 13. Nxf6+ Bxf6 14. Ne4 Bg7
15. b4 axb4 16. axb4 f5 17. Ng5 Bd7 18. f4 e4 19. b5 h6 20. Nh3 cxb5 21. Ba3
Qc7 22. d3 bxc4 23. dxc4 Ra8 24. Qb3 Bc6 25. Rfc1 Ra6 26. Bf1 Rfa8 27. Bxd6 Qd7
28. Bxe7 Qxe7 29. c5+ Kh7 30. Bxa6 Rxa6 31. Nf2 Ra5 32. Qc4 Bf8 33. Nd1 Rxc5
34. Qxc5 Qxc5 35. Rxc5 Bxc5 36. Kf2 Kg7 37. Nc3 Kf6 38. Nb5 Bd5 39. Nd4 Ke7 40.
h3 h5 41. g4 hxg4 42. hxg4 Bxd4 43. exd4 fxg4 44. Kg3 Kd6 45. Kxg4 e3 46. Re1
Be4 47. Rxe3 Kd5 48. Rb3 Kxd4 49. Rb4+ Ke3 50. Kg5 Kd3 51. Kf6 Ke3 52. Ke5 Bc6
53. Rb3+ Kf2 54. Rc3 Kg2 55. Kf6 Be4 56. Rb3 Kf2 57. Ke5 Bc6 58. Rd3 Be8 59.
Rd8 Ba4 60. Rd6 Be8 61. Re6 Bf7 62. Re7 Bc4 63. Rxb7 Bd3 64. Rb2+ Ke3 65. Rb3
Ke2 66. Kf6 Be4 67. Rg3 Kf2 68. Rxg6 Kf3 69. f5 Kf4 70. Rg5 Bd3 71. Rh5 Kg4 72.
Rh1 Kf4 73. Rd1 1-0

[Event "Sparkassen-Open A"]
[Site "Heusenstamm, Martinsee"]
[Date "2019.11.23"]
[Round "4.53"]
[White "Hinrichs, Paul"]
[Black "Valenta, Richard"]
[Result "1-0"]
[WhiteElo "2104"]
[BlackElo "1938"]
[PlyCount "35"]
[EventDate "2019.??.??"]
[WhiteTeam "SK Bingen"]
[BlackTeam "SC Kevelaer"]

1. d4 d5 2. c4 e6 3. Nc3 Nf6 4. cxd5 Nxd5 5. e4 Nb6 6. Be3 g6 7. h4 h6 8. Nf3
Bg7 9. Rc1 c6 10. a4 Qe7 11. Bd3 a5 12. d5 Qb4 13. O-O exd5 14. Nb5 cxb5 15.
Bxb6 O-O 16. Bc5 Qxb2 17. Bxf8 Bxf8 18. Rxc8 1-0

[Event "Sparkassen-Open A"]
[Site "Heusenstamm, Martinsee"]
[Date "2019.11.23"]
[Round "4.54"]
[White "Ahrends, Norbert"]
[Black "Surányi, Pál"]
[Result "1/2-1/2"]
[WhiteElo "1929"]
[BlackElo "2102"]
[PlyCount "93"]
[EventDate "2019.??.??"]
[WhiteTeam "SK Gernsheim"]
[BlackTeam "SC Remagen-Sinzig"]

1. d4 Nf6 2. c4 g6 3. Nc3 d5 4. cxd5 Nxd5 5. g3 Bg7 6. Bg2 Nb6 7. e3 Nc6 8.
Nge2 O-O 9. O-O e5 10. d5 Na5 11. e4 c6 12. dxc6 Nxc6 13. b3 Bg4 14. Bb2 Qe7
15. Qc1 Rac8 16. Qe3 Rfd8 17. f3 Be6 18. Nb5 Qb4 19. Nbc3 Bf8 20. Kh1 Bc5 21.
Qh6 Bf8 22. Qe3 a5 23. Nc1 Qc5 24. Qxc5 Bxc5 25. N1e2 Rd2 26. Bc1 Rc2 27. Bg5
Ba3 28. Nb5 Bb2 29. Rae1 Rf8 30. Be3 Nc8 31. Rf2 f6 32. Nc1 Rxf2 33. Bxf2 Rd8
34. Ne2 Nd6 35. Nc7 Bf7 36. Bb6 Rc8 37. Bh3 f5 38. Rd1 Nd4 39. Bxa5 Nxe2 40.
Rxd6 Nd4 41. exf5 gxf5 42. Kg2 Bh5 43. g4 fxg4 44. Bxg4 Bxg4 45. fxg4 e4 46.
Kf2 Nf3 47. Ke3 1/2-1/2

[Event "Sparkassen-Open A"]
[Site "Heusenstamm, Martinsee"]
[Date "2019.11.23"]
[Round "4.55"]
[White "Kolker, Vladislav"]
[Black "Heindrich, Mark"]
[Result "1/2-1/2"]
[WhiteElo "1911"]
[BlackElo "2096"]
[PlyCount "35"]
[EventDate "2019.??.??"]
[WhiteTeam "SC Bad Nauheim"]
[BlackTeam "TuS Dotzheim"]

1. e4 g6 2. d4 Bg7 3. Nc3 c6 4. Nf3 d5 5. exd5 cxd5 6. Ne5 Nf6 7. Bd3 a6 8. f4
Bd7 9. O-O Qb6 10. Ne2 Nc6 11. c3 O-O 12. Nxd7 Nxd7 13. f5 e5 14. fxe6 fxe6 15.
Nf4 Rf6 16. Qe2 Raf8 17. Be3 Ne7 18. c4 1/2-1/2

[Event "Sparkassen-Open A"]
[Site "Heusenstamm, Martinsee"]
[Date "2019.11.23"]
[Round "4.56"]
[White "Thomas, Tobias"]
[Black "Köllner, Christof"]
[Result "1-0"]
[WhiteElo "1907"]
[BlackElo "2088"]
[PlyCount "111"]
[EventDate "2019.??.??"]
[WhiteTeam "SK Langen"]
[BlackTeam "SV Bergneustadt/Derschlag"]

1. c4 e6 2. g3 d5 3. Bg2 Nf6 4. Nf3 dxc4 5. Qa4+ Bd7 6. Qxc4 c5 7. d4 Bc6 8.
dxc5 Nbd7 9. O-O Bxc5 10. Nc3 Rc8 11. Qh4 h6 12. e4 Be7 13. Qf4 g5 14. Qe3 Bc5
15. Qe2 a6 16. a3 b5 17. b4 Bb6 18. Bb2 Qc7 19. Rac1 Qb7 20. Nd2 e5 21. Rfd1
O-O 22. Nb3 Qa7 23. Rd2 Rfe8 24. Rcd1 Nf8 25. Bh3 Bd7 26. Bxd7 N6xd7 27. Nd5
Rc6 28. Qg4 Ree6 29. h4 f6 30. Qh5 Kg7 31. Nxb6 Nxb6 32. Nc5 Re7 33. hxg5 fxg5
34. Rd6 Rxd6 35. Rxd6 Nc4 36. Qxh6+ Kg8 37. Rxa6 Qc7 38. Ra8 Rg7 39. Ne6 Qf7
40. Nxf8 Qxf8 41. Rxf8+ Kxf8 42. Bc1 Kf7 43. Bxg5 Rg6 44. Qh7+ Rg7 45. Qf5+ Kg8
46. Bc1 Rf7 47. Qg6+ Kf8 48. Qc6 Re7 49. Qxb5 Nd6 50. Qd5 Nf7 51. b5 Rc7 52.
Be3 Ke8 53. b6 Rd7 54. Qc6 Kd8 55. b7 Ke7 56. b8=Q 1-0

[Event "Sparkassen-Open A"]
[Site "Heusenstamm, Martinsee"]
[Date "2019.11.23"]
[Round "4.57"]
[White "Schlößner, Henrik"]
[Black "Hagner, Bennet"]
[Result "0-1"]
[WhiteElo "2076"]
[BlackElo "1890"]
[PlyCount "66"]
[EventDate "2019.??.??"]
[WhiteTeam "SK Gründau"]
[BlackTeam "Frankfurter TV"]

1. e4 e5 2. Nf3 Nc6 3. Bb5 a6 4. Ba4 Nf6 5. O-O Be7 6. Re1 b5 7. Bb3 d6 8. c3
O-O 9. h3 Bb7 10. d4 Re8 11. Nbd2 Bf8 12. Nf1 exd4 13. cxd4 Na5 14. Bc2 Nxe4
15. Qd3 g6 16. d5 Nc5 17. Qc3 Rxe1 18. Qxe1 Nc4 19. b3 Nb6 20. Bb2 Bg7 21. Bxg7
Kxg7 22. b4 Ncd7 23. h4 Nf6 24. Ng3 Nbxd5 25. Qd2 Qd7 26. Rd1 Qg4 27. a3 Nf4
28. Nh2 Qxh4 29. Qc3 Bxg2 30. Rd4 Bd5 31. Bd1 Re8 32. Bf3 Bxf3 33. Nxf3 Qxg3+
0-1

[Event "Sparkassen-Open A"]
[Site "Heusenstamm, Martinsee"]
[Date "2019.11.23"]
[Round "4.58"]
[White "Schmitt, Carsten"]
[Black "Nickel, Rüdiger"]
[Result "0-1"]
[WhiteElo "1901"]
[BlackElo "2075"]
[PlyCount "82"]
[EventDate "2019.??.??"]
[WhiteTeam "SV Bergwinkel"]
[BlackTeam "SK Dinkelsbühl"]

1. c4 Nf6 2. g3 g6 3. Bg2 Bg7 4. Nc3 d6 5. e4 O-O 6. Nge2 c6 7. O-O Nbd7 8. d3
e5 9. h3 Ne8 10. f4 f5 11. b3 Qa5 12. Bd2 Qb6+ 13. Kh2 Nc5 14. Be3 Qa5 15. Qc2
Ne6 16. Bd2 Qc7 17. Rac1 Nf6 18. Be3 Nh5 19. Qd2 Nd4 20. Qe1 fxe4 21. dxe4 Be6
22. Qd2 Nxe2 23. Nxe2 exf4 24. gxf4 Rad8 25. Rcd1 Bc8 26. Bf3 Nf6 27. Ng3 b6
28. Bg2 h5 29. Qc2 Qe7 30. Rde1 h4 31. Ne2 Rde8 32. e5 Bf5 33. exf6 Qxe3 34.
Qc1 Bxf6 35. Qxe3 Rxe3 36. Bxc6 Rxh3+ 37. Kg2 Re3 38. Ng1 Rg3+ 39. Kh2 Rc3 40.
Rf2 Kg7 41. Rd2 g5 0-1

[Event "Sparkassen-Open A"]
[Site "Heusenstamm, Martinsee"]
[Date "2019.11.23"]
[Round "4.59"]
[White "Gebhardt, Ulrich"]
[Black "Reitz, Theresa"]
[Result "0-1"]
[WhiteElo "2072"]
[BlackElo "1901"]
[PlyCount "66"]
[EventDate "2019.??.??"]
[WhiteTeam "SK Ettlingen"]
[BlackTeam "VfR-SC Koblenz"]

1. d4 d5 2. c4 dxc4 3. Nf3 Nf6 4. e3 Bg4 5. Bxc4 e6 6. h3 Bh5 7. O-O a6 8. Nc3
Nc6 9. Be2 Bd6 10. b3 O-O 11. Bb2 Qe7 12. e4 Bxf3 13. Bxf3 Rfd8 14. Ne2 Ba3 15.
Qc2 Bxb2 16. Qxb2 Rd7 17. a3 Rad8 18. Rfd1 Ne5 19. Qc3 Nxf3+ 20. Qxf3 c5 21.
Qe3 cxd4 22. Rxd4 Rxd4 23. Nxd4 Qc5 24. Rc1 Qxa3 25. Rc7 h6 26. Nf3 Rd1+ 27.
Ne1 Qa1 28. Kf1 Qe5 29. Rxb7 Nxe4 30. Kg1 f5 31. g3 Qd5 32. Re7 Ng5 33. Kh2
Rxe1 0-1

[Event "Sparkassen-Open A"]
[Site "Heusenstamm, Martinsee"]
[Date "2019.11.23"]
[Round "4.60"]
[White "Heß, Steffen"]
[Black "Michels, Fabio"]
[Result "0-1"]
[WhiteElo "2028"]
[BlackElo "1800"]
[PlyCount "30"]
[EventDate "2019.??.??"]
[WhiteTeam "SC Groß-Zimmern"]
[BlackTeam "SC ML Kastellaun"]

1. d4 Nf6 2. c4 c5 3. d5 b5 4. cxb5 a6 5. bxa6 g6 6. Nc3 Bxa6 7. Nf3 Bg7 8. g3
d6 9. Bg2 O-O 10. Rb1 Nbd7 11. b3 Ng4 12. Bb2 Qa5 13. Qd2 Nge5 14. Nh4 Rfb8 15.
f4 Nc4 0-1

[Event "Sparkassen-Open A"]
[Site "Heusenstamm, Martinsee"]
[Date "2019.11.23"]
[Round "4.61"]
[White "Olesiak, Marcin"]
[Black "Cors, Heinz-Friedrich"]
[Result "1-0"]
[WhiteElo "2021"]
[BlackElo "1893"]
[PlyCount "75"]
[EventDate "2019.??.??"]
[WhiteTeam "SV Oberursel"]
[BlackTeam "Schachforum Darmstadt"]

1. e4 c6 2. d4 d5 3. exd5 cxd5 4. Bd3 Nc6 5. c3 Nf6 6. Bf4 Bg4 7. Qb3 Qd7 8.
Nd2 e6 9. Ngf3 Bxf3 10. Nxf3 Bd6 11. Bxd6 Qxd6 12. O-O Rb8 13. a4 a5 14. Rfe1
O-O 15. Ne5 Nd7 16. f4 f6 17. Nxd7 Qxd7 18. Qc2 g6 19. Re3 e5 20. fxe5 fxe5 21.
dxe5 d4 22. Re4 dxc3 23. Bc4+ Kg7 24. e6 Qd2 25. Qxc3+ Qxc3 26. bxc3 Ne7 27.
Rb1 Rfc8 28. Rd1 Rc7 29. Rd7 Rbc8 30. Bd5 Kf8 31. Bxb7 Rxd7 32. exd7 Rd8 33.
Rd4 Nf5 34. Rd3 Ke7 35. Bc6 Rb8 36. Bb5 Nd6 37. Re3+ Kd8 38. Re8+ 1-0

[Event "Sparkassen-Open A"]
[Site "Heusenstamm, Martinsee"]
[Date "2019.11.23"]
[Round "4.62"]
[White "Lotz, Ralf"]
[Black "Mährlein, Christoph"]
[Result "0-1"]
[WhiteElo "1882"]
[BlackElo "2053"]
[PlyCount "64"]
[EventDate "2019.??.??"]
[WhiteTeam "SC Obertshausen"]
[BlackTeam "SC Pforzheim"]

1. c4 e6 2. Nf3 d5 3. b3 c5 4. e3 Nc6 5. Bb2 d4 6. exd4 cxd4 7. d3 e5 8. Nbd2
Be7 9. Be2 Nf6 10. O-O O-O 11. a3 a5 12. Ne1 Bf5 13. f3 Bg6 14. f4 exf4 15.
Rxf4 Bd6 16. Rf1 Qc7 17. g3 Rfe8 18. Ng2 Re7 19. Nf3 Rae8 20. Re1 Ng4 21. Nxd4
Bc5 22. Bxg4 Rxe1+ 23. Nxe1 Nxd4 24. Kg2 Rxe1 25. Qxe1 Qc6+ 26. Kh3 h5 27. Bd1
Bf5+ 28. g4 hxg4+ 29. Kg3 Nf3 30. Qh1 Qd6+ 31. Kg2 Qxd3 32. Qf1 Nh4+ 0-1

[Event "Sparkassen-Open A"]
[Site "Heusenstamm, Martinsee"]
[Date "2019.11.23"]
[Round "4.63"]
[White "Calvi, Stefan"]
[Black "Bittner, Peter"]
[Result "1-0"]
[WhiteElo "2049"]
[BlackElo "1870"]
[PlyCount "79"]
[EventDate "2019.??.??"]
[WhiteTeam "SF Frankfurt"]
[BlackTeam "SC Nied"]

1. e4 e5 2. Nf3 Nc6 3. d4 exd4 4. Nxd4 d6 5. c4 Nf6 6. Nc3 Be7 7. Be2 O-O 8.
O-O Re8 9. Be3 h6 10. f3 Bd7 11. Qd2 a6 12. Nc2 Bf8 13. Nd5 Nxd5 14. cxd5 Ne5
15. a4 Rc8 16. Nd4 Qe7 17. Rfe1 c5 18. dxc6 Nxc6 19. Bf1 Ne5 20. b3 Qf6 21.
Rac1 Bc6 22. f4 Ng4 23. Nxc6 Nxe3 24. Qxe3 Rxc6 25. Rxc6 bxc6 26. Bxa6 Rb8 27.
Bc4 Be7 28. e5 Qh4 29. g3 Qh3 30. Qa7 Rf8 31. Qxe7 d5 32. Bf1 Qf5 33. e6 Qc2
34. exf7+ Rxf7 35. Qe3 Rf8 36. Bd3 Qb2 37. Qe6+ Kh8 38. Qg6 Qd4+ 39. Kh1 Kg8
40. Re7 1-0

[Event "Sparkassen-Open A"]
[Site "Heusenstamm, Martinsee"]
[Date "2019.11.23"]
[Round "4.64"]
[White "Terwagne, Bertrand"]
[Black "Kirchner, Markus"]
[Result "0-1"]
[WhiteElo "1809"]
[BlackElo "2038"]
[PlyCount "72"]
[EventDate "2019.??.??"]
[WhiteTeam "CRELEL"]
[BlackTeam "SF Schöneck"]

1. Nf3 f5 2. g3 Nf6 3. Bg2 g6 4. b4 Bg7 5. Bb2 O-O 6. O-O d6 7. d4 Qe8 8. c4 c6
9. Qb3 Kh8 10. a4 h6 11. a5 g5 12. Nbd2 Qh5 13. d5 f4 14. Rfc1 Bh3 15. Nd4 Bxg2
16. Kxg2 Ng4 17. N2f3 Bxd4 18. Bxd4+ Kg8 19. Rh1 Nf6 20. a6 bxa6 21. dxc6 g4
22. Nd2 Nxc6 23. Bc3 e5 24. Rxa6 f3+ 25. exf3 gxf3+ 26. Kf1 Qh3+ 27. Ke1 Nd4
28. Bxd4 exd4 29. Qxf3 Qe6+ 30. Qe2 Qc8 31. Rxd6 Re8 32. Rxf6 Rxe2+ 33. Kxe2
d3+ 34. Kd1 Qg4+ 35. f3 Qd4 36. Ra6 Qb2 0-1

[Event "Sparkassen-Open A"]
[Site "Heusenstamm, Martinsee"]
[Date "2019.11.23"]
[Round "4.65"]
[White "Burkhardt, Holger"]
[Black "Bäumer, Frank"]
[Result "1/2-1/2"]
[WhiteElo "2036"]
[BlackElo "1865"]
[PlyCount "105"]
[EventDate "2019.??.??"]
[WhiteTeam "SK Gießen"]
[BlackTeam "Gambit Gusenburg"]

1. e4 e5 2. Nf3 Nc6 3. Nc3 Nf6 4. g3 Bb4 5. Bg2 d6 6. d3 Bg4 7. h3 Be6 8. O-O
h6 9. Ne2 Ba5 10. c3 Bb6 11. d4 Bd7 12. Qc2 Qc8 13. g4 h5 14. g5 Ng8 15. Kh2
Nge7 16. d5 Nd8 17. Nh4 c6 18. dxc6 Ndxc6 19. Qd3 Qc7 20. b4 a6 21. a4 Be6 22.
Nf5 O-O 23. Qf3 Nxf5 24. exf5 e4 25. Qxe4 d5+ 26. Qf4 Bxf5 27. Ng3 Qxf4 28.
Bxf4 Bd3 29. Rfd1 Bg6 30. Kg1 h4 31. Ne2 Bh5 32. Rd2 Rad8 33. Kf1 Ne7 34. Nd4
Rc8 35. Rc1 Rc4 36. Bd6 Bxd4 37. Rxd4 Rxd4 38. cxd4 Rc8 39. Rc5 b6 40. Rxc8+
Nxc8 41. Bc7 Bd1 42. Bxd5 Bxa4 43. g6 Be8 44. Kg2 Ne7 45. gxf7+ Bxf7 46. Bxf7+
Kxf7 47. Bxb6 Ke6 48. Kf3 Kf5 49. Bd8 Nc6 50. Bxh4 Nxd4+ 51. Ke3 Nc2+ 52. Kd3
Nxb4+ 53. Kc4 1/2-1/2

[Event "Sparkassen-Open A"]
[Site "Heusenstamm, Martinsee"]
[Date "2019.11.23"]
[Round "4.66"]
[White "Von Auer, Ulrich"]
[Black "Feicht, Arno"]
[Result "1-0"]
[WhiteElo "2033"]
[BlackElo "1851"]
[PlyCount "95"]
[EventDate "2019.??.??"]
[WhiteTeam "SF Frankfurt"]
[BlackTeam "SV Alsfeld"]

1. d4 Nf6 2. c4 g6 3. Nc3 Bg7 4. e4 d6 5. h3 O-O 6. Bg5 c5 7. d5 a6 8. a4 h6 9.
Be3 Qa5 10. Bd2 Qc7 11. Bd3 Nbd7 12. Nf3 Re8 13. O-O Kh7 14. Qc2 Ng8 15. Rae1
Ne5 16. Nxe5 Bxe5 17. f4 Bg7 18. e5 e6 19. dxe6 Rxe6 20. f5 Rxe5 21. Rxe5 dxe5
22. fxg6+ fxg6 23. Bxg6+ Kh8 24. Nd5 Qd6 25. Be4 Be6 26. Be3 Rf8 27. Rxf8 Qxf8
28. Qb3 Qc8 29. Qb6 Qc6 30. Qxc6 bxc6 31. Nb6 Bf8 32. Bxc6 Bd6 33. Bb7 a5 34.
b3 Kg7 35. Bc8 Bf7 36. Bf5 Ne7 37. Be4 Bg6 38. Bxg6 Kxg6 39. Nd7 Nc6 40. Nxc5
Bxc5 41. Bxc5 Kf5 42. Kf2 h5 43. g3 Ke4 44. Ke2 Kf5 45. Kf3 e4+ 46. Ke3 Ne5 47.
Bb6 Nc6 48. Bc7 1-0

[Event "Sparkassen-Open A"]
[Site "Heusenstamm, Martinsee"]
[Date "2019.11.23"]
[Round "4.67"]
[White "Pfeffer, Marko"]
[Black "Thomele, Michael"]
[Result "1/2-1/2"]
[WhiteElo "2027"]
[BlackElo "1832"]
[PlyCount "44"]
[EventDate "2019.??.??"]
[WhiteTeam "SC Bergen-Enkheim"]
[BlackTeam "SC Obernau"]

1. c4 e5 2. Nf3 Nc6 3. d4 Bb4+ 4. Nc3 e4 5. Ng5 Nf6 6. a3 Bxc3+ 7. bxc3 h6 8.
Nh3 d5 9. e3 Bxh3 10. gxh3 O-O 11. Rb1 Rb8 12. Rg1 Ne7 13. cxd5 Nexd5 14. Qc2
Qd6 15. Rg2 Ne7 16. Bc4 c6 17. a4 Qd7 18. Bf1 Ng6 19. Ba3 Rfe8 20. Rg3 Nh5 21.
Rg4 Nf6 22. Rg3 Nh5 1/2-1/2